[Event "TUR-chT 2nd League"]
[Site "Konya"]
[Date "2017.07.20"]
[Round "5.12"]
[White "Yildirim, Ahmet"]
[Black "Eken, Sadullah"]
[Result "1-0"]
[WhiteElo "1636"]
[BlackElo "1246"]
[PlyCount "118"]
[EventDate "2017.07.17"]
[EventType "team-swiss"]
[EventRounds "9"]
[EventCountry "TUR"]
[SourceTitle "CBM 179 Extra"]
[Source "ChessBase"]
[SourceDate "2017.08.23"]
[SourceVersion "1"]
[SourceVersionDate "2017.08.23"]
[SourceQuality "1"]
[WhiteTeam "Denizli Ihtisas"]
[BlackTeam "Antalya Calli"]
[WhiteTeamCountry "TUR"]
[BlackTeamCountry "TUR"]

1. e4 d5 2. exd5 Qxd5 3. Nc3 Qa5 4. d4 Nf6 5. Nf3 Bg4 6. Bc4 Nc6 7. Be3 0-0-0 8. h3 Bh5 9. g4 Nxg4 10. hxg4 Bxg4 11. Be2 e5 12. Nxe5 Bxe2 13. Qxe2 Nxe5 14. dxe5 Qxe5 15. Qh5 Qf6 16. Rd1 Rxd1+ 17. Nxd1 Bb4+ 18. c3 Bd6 19. Rh3 Qe6 20. Rf3 g6 21. Qh3 f5 22. Kd2 Qxa2 23. Bd4 Qd5 24. Rd3 Bf4+ 25. Kc2 Re8 26. Be3 Qe4 27. f3 Qa4+ 28. Kd2 Bxe3+ 29. Nxe3 Re7 30. Rd4 Qb3 31. Rb4 Qe6 32. f4 Rd7+ 33. Kc2 Re7 34. Kd2 Rd7+ 35. Ke2 a5 36. Rd4 Rxd4 37. cxd4 h5 38. Qf3 Qb3 39. Nd1 Qc4+ 40. Qd3 Qe6+ 41. Kf3 Qd5+ 42. Kg3 c5 43. Ne3 Qxd4 44. Qxd4 cxd4 45. Nc4 a4 46. Nb6+ Kc7 47. Nxa4 Kc6 48. b3 d3 49. Nb2 d2 50. Kf2 h4 51. Ke2 Kb5 52. Kxd2 Kb4 53. Kc2 Kc5 54. Kd3 Kd5 55. Nd1 b5 56. Nf2 Kc5 57. Nh3 Kb4 58. Kc2 Ka3 59. Kc3 b4+ 1-0